| 000 | 00388nam a2200145Ia 4500 | ||
|---|---|---|---|
| 008 | 151213s9999 xx 000 0 und d | ||
| 100 | _aB. G. Southman | ||
| 245 |
_aSense and Sensibility Pride and Prejudice & Mansfield Park _cB. G. Southman |
||
| 260 |
_aU K _bPalgrave _c1976 |
||
| 300 | _a3140 p. | ||
| 650 | _aEnglish | ||
| 650 | _aEnglish | ||
| 700 | _aB. G. Southman | ||
| 999 |
_c2165 _d2165 |
||